Statistics for Guess the lyrics (#60)

Click here to take the quiz!

General Stats

  • This quiz has been taken 105 times
  • The average score is 79 of 168

Answer Stats

Answer% Correct
I
96%
a
95%
you,
95%
You
95%
you
95%
the
92%
He
86%
be
85%
And
82%
and
82%
in
82%
me
79%
my
79%
"Your
77%
your
77%
on
75%
is
74%
All
67%
of
67%
for
65%
his
65%
what
64%
then
62%
don't
60%
out
57%
but
56%
But
56%
know
55%
with
55%
have
51%
I've
50%
got
49%
hand
48%
up
48%
gun
46%
He's
46%
he's
46%
won't
46%
it's
45%
time
45%
day
43%
yeah"
43%
Yeah
43%
yeah
43%
than
39%
look
38%
say
38%
now
36%
even
33%
tell
33%
kid,
32%
other
32%
run,
31%
run
31%
He'll
30%
better
29%
bullet
29%
'Cause
29%
kids
29%
long
29%
kicks
27%
outrun
27%
faster
26%
pumped
26%
coming
24%
He'd
24%
quick
23%
quick-
23%
around
21%
mouth
21%
cigarette
20%
coming
20%
plan
20%
home
19%
things,
19%
must
18%
pull
18%
Daddy
17%
fire,
17%
hangin'
17%
room,
17%
shooter
17%
trigger
17%
waited
17%
bringing
15%
cowboy
15%
found
15%
late
15%
Robert's
15%
rolled
15%
six-
15%
closet,
14%
dad's
14%
fun
14%
surprise
14%
works
14%
box
13%
lost
12%
reason
12%
dinner's
11%
hair's
11%
ice
11%
kitchen
11%
packed
11%
wits
11%
sleight
10%

Score Distribution

Percentile by Number Answered

Percent of People with Each Score

Your Score History

You have not taken this quiz